000 01246cam a2200361 a 4500
001 22799
003 CZ PrNK
005 20260428073130.0
007 tu
008 011130s2001 xr a a 000 1 slo
015 _acnb000891231
020 _a8071815519
_q(váz.)
035 _a(OCoLC)56863819
040 _aOLA001
_bcze
_dABA001
072 7 _a821.162.4
_xSlovenská literatura
_2Konspekt
072 7 _a821-93
_xLiteratura pro děti a mládež (beletrie)
_2Konspekt
080 _a821-93
_2MRF
080 _a821.162.4-34
_2MRF
080 _a(0:82-34)
_2MRF
100 1 _aPavlovič, Jozef,
_d1934-2020
_4aut
245 1 0 _aDeduško Večerníček /
_cJozef Pavlovič ; [ilustrácie Ladislav Čapek]
250 _aSlovenské vyd. 2., V Ottovom nakladatelstve 1.
260 _aPraha :
_bCesty,
_c2001
300 _a96 s. :
_bbarev. il. ;
_c30 cm
655 7 _aslovenské pohádky
_2czenas
655 7 _apublikace pro děti
_2czenas
655 9 _aSlovak fairy tales
_2eczenas
655 9 _achildren’s literature
_2eczenas
700 1 _aČapek, Ladislav,
_d1919-1996
_4ill
901 _f2. sloven. vyd., 1. vyd. v nakl. Cesty
_gV závorkovém výkladu chybně uvedeno Cesty. Bratislava
_o20040428
910 _aABA001
942 _2ddc
_cKLDE
_n0
999 _c22799
_d22799